000
00330nam a2200133Ia 4500
008
210210b1959 xxu||||| |||| 00| 0 eng d
082
_a
150/158
100
_a
ORTON, J L.
245
_a
Auto-suggestion: how to master it.
260
_a
_b
Not Mentioned
_c
1959
650
_a
Auto suggestion
690
_a
Psychology
906
_a
001109
999
_c
77625
_d
77625